书目信息 |
| 题名: |
恩格尔巴特的梦
|
|
| 作者: | 罗宾 著 ;余荃 , 雷小康 译 | |
| 分册: | ||
| 出版信息: | 北京 电子工业出版社 2019.06 |
|
| 页数: | 339页 | |
| 开本: | 23cm | |
| 丛书名: | 译言·东西文库 | |
| 单 册: | ||
| 中图分类: | TP3-49 | |
| 科图分类: | ||
| 主题词: | 电子计算机--dian zi ji suan ji--普及读物 | |
| 电子资源: | ||
| ISBN: | 978-7-121-35606-3 | |
| 000 | 01619nam 2200301 450 | |
| 001 | 0106081803 | |
| 005 | 20201106082043.0 | |
| 010 | @a978-7-121-35606-3@dCNY78.00 | |
| 100 | @a20190731d2019 em y0chiy50 ea | |
| 101 | 1 | @achi@cger |
| 102 | @aCN@b110000 | |
| 105 | @ay z 000yy | |
| 106 | @ar | |
| 200 | 1 | @a恩格尔巴特的梦@Aen ge er ba te de meng@dEngelbarts Traum@e计算机是如何减轻我们阅读和写作负担的?@f(德)亨宁·罗宾(Henning Lobin)著@g余荃,雷小康译@zger |
| 210 | @a北京@c电子工业出版社@d2019.06 | |
| 215 | @a339页@d23cm | |
| 225 | 2 | @a译言·东西文库@Ayi yan dong xi wen ku |
| 330 | @a数字化标志着纸质文化的终结。亨宁·罗宾在他的新书中研究了阅读和写作的新变化,指出了其不可逆转的数字化发展趋势。和印刷技术一样,数字化也标志着一个新文化时代的到来。随着计算机技术的发展,文字不再成为人类的专利。计算机的阅读和书写水平日趋提升,甚至即将具备自主阅读和自主写作的能力。早在1968年,鼠标的发明者道格拉斯·恩格尔巴特就在他那场具有划时代意义的实验中预测了这一发展趋势。如今,他的梦已然成为了现实,并且正在决定着人类的未来。罗宾认为文字文化时代将不可逆转地终结,这一看法为文化悲观主义及反进步者提供了佐证,将会引发关于数字化的一场大辩论。 | |
| 461 | 0 | @12001 @a译言·东西文库 |
| 510 | 1 | @aEngelbarts Traum@zger |
| 517 | 1 | @a计算机是如何减轻我们阅读和写作负担的?@Aji suan ji shi ru he jian qing wo men yue du he xie zuo fu dan de? |
| 606 | 0 | @a电子计算机@Adian zi ji suan ji@j普及读物 |
| 690 | @aTP3-49@v5 | |
| 701 | 1 | @c(德)@a罗宾@Aluo bin@gLobin, Henning@4著 |
| 702 | 0 | @a余荃@Ayu quan@4译 |
| 702 | 0 | @a雷小康@Alei xiao kang@4译 |
| 801 | 0 | @aCN@bBJSZM@c20201106 |
| 905 | @b1191444-7@dTP3-49@e1074@f4 | |
| 恩格尔巴特的梦=Engelbarts Traum:计算机是如何减轻我们阅读和写作负担的?/(德)亨宁·罗宾(Henning Lobin)著/余荃,雷小康译.-北京:电子工业出版社,2019.06 |
| 339页;23cm.-(译言·东西文库) |
| ISBN 978-7-121-35606-3:CNY78.00 |
| 数字化标志着纸质文化的终结。亨宁·罗宾在他的新书中研究了阅读和写作的新变化,指出了其不可逆转的数字化发展趋势。和印刷技术一样,数字化也标志着一个新文化时代的到来。随着计算机技术的发展,文字不再成为人类的专利。计算机的阅读和书写水平日趋提升,甚至即将具备自主阅读和自主写作的能力。早在1968年,鼠标的发明者道格拉斯·恩格尔巴特就在他那场具有划时代意义的实验中预测了这一发展趋势。如今,他的梦已然成为了现实,并且正在决定着人类的未来。罗宾认为文字文化时代将不可逆转地终结,这一看法为文化悲观主义及反进步者提供了佐证,将会引发关于数字化的一场大辩论。 |
| ● |
| 相关链接 |
|
|
|
|
正题名:恩格尔巴特的梦
索取号:TP3-49/1074
 
预约/预借
| 序号 | 登录号 | 条形码 | 馆藏地/架位号 | 状态 | 备注 |
| 1 | 1191444 | 211914446 | 第二样本阅览室/ [索取号:TP3-49/1074] | 在馆 | |
| 2 | 1191445 | 211914455 | 第三借阅区/ [索取号:TP3-49/1074] | 在馆 | |
| 3 | 1191446 | 211914464 | 第三借阅区/ [索取号:TP3-49/1074] | 在馆 | |
| 4 | 1191447 | 211914473 | 第三借阅区/ [索取号:TP3-49/1074] | 在馆 |